[Event "24th Grunwald Cup"]
[Site "Hotel Start-Dadaj Ramsowo"]
[Date "2009.09.21"]
[Round "3.2"]
[White "Suder, Ryszard"]
[Black "Gunajew, Rafal"]
[Result "1-0"]
[WhiteElo "2163"]
[BlackElo "2261"]
[PlyCount "73"]
[EventDate "2009.09.19"]
[EventType "swiss"]
[EventRounds "9"]
[EventCountry "POL"]

1. Nf3 c5 2. g3 Nf6 3. Bg2 g6 4. O-O Bg7 5. c4 O-O 6. Nc3 d6 7. d4 cxd4 8. Nxd4
a6 9. b3 Qc7 10. Bb2 Nc6 11. Nc2 Bd7 12. Ne3 Qa5 13. Qd2 Rab8 14. a3 b5 15. b4
Qb6 16. Ncd5 Nxd5 17. Nxd5 Qa7 18. Rac1 Bxb2 19. Qxb2 Rfe8 20. c5 dxc5 21. Rxc5
Rbc8 22. Rfc1 Qb8 23. f4 a5 24. e3 axb4 25. axb4 Qa7 26. Rxb5 Nb8 27. Rxc8 Bxc8
28. Rc5 Na6 29. Ra5 Rd8 30. Qd4 Qxd4 31. exd4 Kf8 32. b5 Nb8 33. Nb6 Bd7 34.
Kf2 Be8 35. Ke3 Nd7 36. Nxd7+ Bxd7 37. b6 1-0

[Event "24th Grunwald Cup"]
[Site "Hotel Start-Dadaj Ramsowo"]
[Date "2009.09.21"]
[Round "3.3"]
[White "Falkowski, Dawid"]
[Black "Stachanczyk, Jacek"]
[Result "0-1"]
[WhiteElo "2086"]
[BlackElo "2212"]
[PlyCount "72"]
[EventDate "2009.09.19"]
[EventType "swiss"]
[EventRounds "9"]
[EventCountry "POL"]

1. Nf3 Nf6 2. c4 g6 3. d4 Bg7 4. Nc3 O-O 5. g3 d6 6. Bg2 Nc6 7. O-O Bf5 8. Re1
Ne4 9. Nh4 Nxc3 10. bxc3 Bd7 11. Ba3 Rb8 12. c5 Na5 13. Qd3 b5 14. cxd6 cxd6
15. Rab1 Nc4 16. Bc1 Qa5 17. e4 Rbc8 18. f4 Nb6 19. Bd2 Qxa2 20. f5 Qc4 21. Qf3
a5 22. Bf1 Qa2 23. Bg5 f6 24. fxg6 fxg5 25. gxh7+ Kxh7 26. Qh5+ Kg8 27. Ng6
Qf2+ 28. Kh1 Rf7 29. Qxg5 Rxc3 30. Nxe7+ Rxe7 31. Qxe7 Rc2 32. Qd8+ Kh7 33.
Qh4+ Kg6 34. e5 Bc6+ 35. Re4 Qf3+ 36. Bg2 Qxg2# 0-1

[Event "24th Grunwald Cup"]
[Site "Hotel Start-Dadaj Ramsowo"]
[Date "2009.09.21"]
[Round "3.4"]
[White "Zoltek, Tadeusz"]
[Black "Bakalarczyk, Wlodzimierz"]
[Result "1/2-1/2"]
[WhiteElo "2214"]
[BlackElo "2038"]
[PlyCount "93"]
[EventDate "2009.09.19"]
[EventType "swiss"]
[EventRounds "9"]
[EventCountry "POL"]

1. Nf3 Nf6 2. c4 g6 3. g3 Bg7 4. Bg2 d6 5. O-O O-O 6. Nc3 c5 7. d3 Nc6 8. Rb1
a5 9. a3 Bd7 10. Ne1 Qc8 11. Bg5 Bh3 12. Bxf6 Bxf6 13. Nd5 Bxg2 14. Nxg2 Qd8
15. Nxf6+ exf6 16. Nf4 Re8 17. Nd5 Kg7 18. b4 axb4 19. axb4 cxb4 20. Nxb4 Nxb4
21. Rxb4 Qe7 22. e3 d5 23. Qb1 dxc4 24. Rxc4 Qd7 25. Rd4 Qe7 26. Rb4 Ra1 27.
Qxa1 Qxb4 28. Rb1 Qd6 29. d4 Qd5 30. Rc1 b5 31. Qb1 Rb8 32. Rc5 Qb7 33. Qb4 Qa6
34. Kg2 f5 35. d5 Qd6 36. h4 h5 37. Qb2+ Qf6 38. Qb4 Qd6 39. Qc3+ Qf6 40. Qd3
b4 41. Rc6 Qe5 42. Qb3 Rb5 43. Qc4 Qe4+ 44. Qxe4 fxe4 45. Rc8 b3 46. d6 Rd5 47.
Rb8 1/2-1/2

[Event "24th Grunwald Cup"]
[Site "Hotel Start-Dadaj Ramsowo"]
[Date "2009.09.21"]
[Round "3.5"]
[White "Misiejuk, Zdzislaw"]
[Black "Pawelec, Bartosz"]
[Result "0-1"]
[WhiteElo "1982"]
[BlackElo "2040"]
[PlyCount "82"]
[EventDate "2009.09.19"]
[EventType "swiss"]
[EventRounds "9"]
[EventCountry "POL"]

1. e4 d5 2. exd5 Qxd5 3. Nc3 Qa5 4. d4 e5 5. dxe5 Bb4 6. Bd2 Nc6 7. Nb5 a6 8.
c3 axb5 9. cxb4 Qa6 10. a4 Qa7 11. Be3 b6 12. Bxb5 Bd7 13. Nf3 Nxe5 14. Bxd7+
Nxd7 15. O-O Qb7 16. Re1 O-O-O 17. Qc2 Ngf6 18. a5 Rhe8 19. axb6 Nxb6 20. Rec1
Nfd5 21. Bc5 Kb8 22. b5 Nf4 23. Re1 g5 24. Rxe8 Rxe8 25. Be3 Nxg2 26. Nd4 Qd5
27. Nc6+ Kb7 28. Bxb6 Re1+ 29. Rxe1 Nxe1 30. Nd8+ Kxb6 31. Qc6+ Qxc6 32. bxc6
f6 33. Kf1 Nd3 34. Ke2 Nxb2 35. Ke3 Nc4+ 36. Kd4 Ne5 37. Kd5 h5 38. h3 h4 39.
Ke6 g4 40. hxg4 h3 41. Kxf6 Nxg4+ 0-1

[Event "24th Grunwald Cup"]
[Site "Hotel Start-Dadaj Ramsowo"]
[Date "2009.09.21"]
[Round "3.6"]
[White "Wojcieszyn, Zdzislaw"]
[Black "Traczyk, Tadeusz"]
[Result "1-0"]
[WhiteElo "2039"]
[BlackElo "1918"]
[PlyCount "70"]
[EventDate "2009.09.19"]
[EventType "swiss"]
[EventRounds "9"]
[EventCountry "POL"]

1. d4 Nf6 2. Nf3 g6 3. c4 Bg7 4. Nc3 d5 5. cxd5 Nxd5 6. Qb3 Nxc3 7. bxc3 O-O 8.
g3 e6 9. Bg2 Qd5 10. Qb2 c6 11. O-O Qd8 12. Bg5 Qc7 13. Rab1 Nd7 14. Qa3 Re8
15. Be7 c5 16. Bg5 cxd4 17. cxd4 Nb6 18. Rfc1 Qb8 19. Bf4 e5 20. Nxe5 Bf8 21.
Qb3 Be6 22. d5 Bf5 23. e4 Bd6 24. exf5 Bxe5 25. Bxe5 Qxe5 26. fxg6 hxg6 27. Qb2
Qxb2 28. Rxb2 Rad8 29. Rd2 Re7 30. Rcd1 Red7 31. Rd3 Rd6 32. Kf1 Kg7 33. Rd4
Nd7 34. Ke2 Ne5 35. R1d2 b6 1-0

[Event "24th Grunwald Cup"]
[Site "Hotel Start-Dadaj Ramsowo"]
[Date "2009.09.21"]
[Round "3.7"]
[White "Zarow, Zdzislaw"]
[Black "Kardasz, Wladyslaw"]
[Result "0-1"]
[WhiteElo "2016"]
[BlackElo "1917"]
[PlyCount "70"]
[EventDate "2009.09.19"]
[EventType "swiss"]
[EventRounds "9"]
[EventCountry "POL"]

1. e4 c5 2. Bc4 e6 3. Nc3 Nc6 4. Nf3 a6 5. a4 Nge7 6. Qe2 Nd4 7. Nxd4 cxd4 8.
Nd1 Nc6 9. c3 Qc7 10. d3 Be7 11. O-O Rb8 12. Qg4 Bf6 13. f4 d6 14. Qh5 O-O 15.
Rf3 g6 16. Rg3 Kh8 17. Qh6 Bg7 18. Qg5 Qd8 19. Qg4 d5 20. Ba2 dxe4 21. dxe4
dxc3 22. bxc3 b5 23. axb5 axb5 24. Ba3 b4 25. Bb2 Qd2 26. h4 b3 27. Bb1 Rd8 28.
Bd3 Rxd3 29. Rxd3 Qxd3 30. h5 Qd2 31. Qg3 Bf8 32. Kh2 Bb7 33. Qf2 Qxf2 34. Nxf2
Ra8 35. Rxa8 Bxa8 0-1

[Event "24th Grunwald Cup"]
[Site "Hotel Start-Dadaj Ramsowo"]
[Date "2009.09.21"]
[Round "3.8"]
[White "Hagner, Pawel"]
[Black "Stolarczyk, Anna"]
[Result "0-1"]
[WhiteElo "1865"]
[BlackElo "2006"]
[PlyCount "128"]
[EventDate "2009.09.19"]
[EventType "swiss"]
[EventRounds "9"]
[EventCountry "POL"]

1. d4 d5 2. Nf3 c6 3. c3 Bf5 4. Bf4 Qb6 5. Qc1 Nd7 6. e3 Ngf6 7. Nbd2 e6 8. a4
a6 9. a5 Qd8 10. Be2 Be7 11. O-O O-O 12. Qd1 Rc8 13. Nh4 Bg6 14. Nxg6 hxg6 15.
Bd3 Nh5 16. Be5 c5 17. Nf3 cxd4 18. exd4 Qe8 19. Qd2 Qd8 20. Qc2 Nxe5 21. Nxe5
Nf4 22. Rfe1 Bb4 23. Qa4 Bd6 24. Bf1 Qg5 25. Re3 Qh5 26. Qd1 Qh6 27. Qf3 g5 28.
Ng4 Qh7 29. Qd1 f5 30. Ne5 {(=)} g6 31. g3 Nh5 32. Nf3 Qe7 33. Qe2 Rce8 34. Re1
Ng7 35. Bg2 f4 36. gxf4 Bxf4 37. Rd3 Nf5 38. Ne5 Kg7 39. Ng4 Rh8 40. Rh3 Rh4
41. Rxh4 Nxh4 42. Bxd5 Qc7 43. Bg2 Qxa5 44. Qe4 Qc7 45. Ne5 b5 46. Ra1 Bxe5 47.
Qxe5+ Qxe5 48. dxe5 Nxg2 49. Kxg2 Ra8 50. Kf3 {(=)} Rf8+ 51. Ke3 Rf5 52. Kd4
Rxf2 53. Rxa6 Rd2+ 54. Kc5 Rd5+ 55. Kb4 Rxe5 56. Rb6 Re2 57. b3 Kf6 58. Kxb5
Rxh2 59. c4 g4 60. c5 g3 61. c6 g2 62. c7 Rh5+ 63. Ka6 Rc5 64. Rb7 g1=Q 0-1

[Event "24th Grunwald Cup"]
[Site "Hotel Start-Dadaj Ramsowo"]
[Date "2009.09.21"]
[Round "3.9"]
[White "Staruch, Roman"]
[Black "Hornik, Bronislaw"]
[Result "0-1"]
[WhiteElo "1987"]
[BlackElo "1900"]
[PlyCount "66"]
[EventDate "2009.09.19"]
[EventType "swiss"]
[EventRounds "9"]
[EventCountry "POL"]

1. e4 e6 2. d4 d5 3. e5 c5 4. c3 Nc6 5. Nf3 Nge7 6. Bd3 Ng6 7. O-O Be7 8. Be3
c4 9. Be2 O-O 10. b3 cxb3 11. axb3 f6 12. exf6 Bxf6 13. c4 Bd7 14. Nc3 Be8 15.
Qd2 Bf7 16. cxd5 exd5 17. Ra2 Nb4 18. Ra4 a5 19. Rc1 Rc8 20. Bg5 b6 21. Raa1
Kh8 22. Nb5 Bxg5 23. Nxg5 Bg8 24. Bg4 Rxc1+ 25. Rxc1 Nf4 26. Rc8 Qxg5 27. Rxf8
Nh3+ 28. gxh3 Qxd2 29. Nd6 Qe1+ 30. Kg2 Qe7 31. Nf7+ Qxf7 32. Rxf7 Bxf7 33. Kf3
Nc2 0-1

[Event "24th Grunwald Cup"]
[Site "Hotel Start-Dadaj Ramsowo"]
[Date "2009.09.21"]
[Round "3.10"]
[White "Siluk, Zygmunt"]
[Black "Czajkowski, Adam"]
[Result "1-0"]
[WhiteElo "1973"]
[BlackElo "1711"]
[PlyCount "91"]
[EventDate "2009.09.19"]
[EventType "swiss"]
[EventRounds "9"]
[EventCountry "POL"]

1. Nf3 d5 2. c3 e6 3. d3 c5 4. Nbd2 Nc6 5. Qc2 Nf6 6. e4 Be7 7. Be2 b6 8. e5
Nd7 9. d4 Bb7 10. a3 Rc8 11. Qd3 Ndb8 12. O-O Ba6 13. Qe3 Bxe2 14. Qxe2 c4 15.
Ne1 Qd7 16. f4 O-O 17. Nc2 f5 18. g4 Rf7 19. Ne3 g6 20. Ng2 Kh8 21. g5 h6 22.
gxh6 Rh7 23. Nf3 Rxh6 24. Ng5 Kg7 25. h4 Rch8 26. Be3 Nd8 27. Rf3 Qe8 28. Rg3
Rh5 29. Kf2 R8h6 30. Qc2 Rh8 31. b3 cxb3 32. Qxb3 Nbc6 33. Qb5 Na5 34. a4 Qxb5
35. axb5 Bxg5 36. fxg5 Kf7 37. Bc1 Ndb7 38. Rh3 Rc8 39. Nf4 Rc7 40. Nxh5 gxh5
41. g6+ Kxg6 42. Rg3+ Kf7 43. Bh6 Rc8 44. Rg7+ Ke8 45. Rag1 Rd8 46. Rh7 1-0

[Event "24th Grunwald Cup"]
[Site "Hotel Start-Dadaj Ramsowo"]
[Date "2009.09.21"]
[Round "3.11"]
[White "Renkowski, Piotr"]
[Black "Sargalski, Andrzej"]
[Result "1/2-1/2"]
[WhiteElo "1691"]
[BlackElo "1954"]
[PlyCount "79"]
[EventDate "2009.09.19"]
[EventType "swiss"]
[EventRounds "9"]
[EventCountry "POL"]

1. e4 d5 2. exd5 Qxd5 3. Nc3 Qa5 4. d4 c6 5. Nf3 Bg4 6. h3 Bh5 7. g4 Bg6 8. Ne5
Nf6 9. f4 Be4 10. Nc4 Qc7 11. Nxe4 Nxe4 12. Bd3 Nd6 13. Nxd6+ Qxd6 14. c3 Nd7
15. Qb3 Nb6 16. a4 Qd5 17. Qxd5 Nxd5 18. f5 O-O-O 19. a5 a6 20. Kd1 g6 21. Bg5
Bg7 22. Re1 Rhe8 23. Bc4 c5 24. Bxd5 Rxd5 25. f6 Rxg5 26. fxg7 e6 27. Rf1 f5
28. dxc5 Rg8 29. Kc2 Rxg7 30. gxf5 Rxf5 31. b4 Rgf7 32. Rxf5 Rxf5 33. Rd1 Rf3
34. Rd6 Rxh3 35. Rxe6 g5 36. c4 g4 37. c6 g3 38. cxb7+ Kxb7 39. b5 g2 40. Re7+
1/2-1/2

[Event "24th Grunwald Cup"]
[Site "Hotel Start-Dadaj Ramsowo"]
[Date "2009.09.21"]
[Round "3.12"]
[White "Stankiewicz, Edward"]
[Black "Wyrzykowski, Jozef"]
[Result "1-0"]
[WhiteElo "1921"]
[BlackElo "1786"]
[PlyCount "55"]
[EventDate "2009.09.19"]
[EventType "swiss"]
[EventRounds "9"]
[EventCountry "POL"]

1. e4 e5 2. Nf3 Nc6 3. Bb5 d6 4. O-O Bd7 5. c3 Be7 6. d4 exd4 7. cxd4 h6 8. Nc3
Nf6 9. h3 O-O 10. Ba4 a6 11. Re1 Nb4 12. Bb3 Be6 13. d5 Bd7 14. a3 Nc6 15. dxc6
Bxc6 16. Nd5 Nxd5 17. exd5 Bd7 18. Bd2 f5 19. Bc3 Rf7 20. Nd4 Bf6 21. Ne6 Qc8
22. Rc1 Kh7 23. Bxf6 Rxf6 24. Rxc7 Qe8 25. Ng5+ hxg5 26. Rxe8 Bxe8 27. Qd4 Bh5
28. Qxf6 1-0

[Event "24th Grunwald Cup"]
[Site "Hotel Start-Dadaj Ramsowo"]
[Date "2009.09.21"]
[Round "3.13"]
[White "Rutkowski, Bogdan"]
[Black "Poswiatowski, Stanislaw"]
[Result "0-1"]
[WhiteElo "1875"]
[BlackElo "1674"]
[PlyCount "74"]
[EventDate "2009.09.19"]
[EventType "swiss"]
[EventRounds "9"]
[EventCountry "POL"]

1. e4 c6 2. d4 d5 3. Nc3 dxe4 4. Nxe4 Bf5 5. Ng3 Bg6 6. Nf3 e6 7. Bd3 Bxd3 8.
Qxd3 Nf6 9. O-O Bd6 10. Ne4 Nxe4 11. Qxe4 Nd7 12. Re1 Nf6 13. Qd3 Qc7 14. h3
O-O-O 15. c4 Bf4 16. Qa3 Kb8 17. b4 a6 18. Bxf4 Qxf4 19. b5 axb5 20. cxb5 cxb5
21. Qa5 Rd5 22. Rac1 g5 23. Ne5 Qxd4 24. Qc7+ Ka8 25. Nxf7 Re8 26. Nxg5 Rxg5
27. Red1 Qa4 28. Rd8+ Ka7 29. Rxe8 Nxe8 30. Qe7 Rg8 31. Qxh7 Rg7 32. Qh5 Qe4
33. Qc5+ b6 34. Qa3+ Kb7 35. g3 Qd4 36. Qf3+ Kb8 37. Rd1 Qf6 {niedoczas} 0-1

[Event "24th Grunwald Cup"]
[Site "Hotel Start-Dadaj Ramsowo"]
[Date "2009.09.22"]
[Round "4.1"]
[White "Stachanczyk, Jacek"]
[Black "Dukaczewski, Piotr"]
[Result "0-1"]
[WhiteElo "2212"]
[BlackElo "2285"]
[PlyCount "99"]
[EventDate "2009.09.19"]
[EventType "swiss"]
[EventRounds "9"]
[EventCountry "POL"]

1. e4 c5 2. Nf3 Nc6 3. d4 cxd4 4. Nxd4 Nf6 5. Nc3 d6 6. Bg5 e6 7. Qd2 a6 8.
O-O-O h6 9. Bf4 Bd7 10. Nxc6 Bxc6 11. Qe1 Qa5 12. Bc4 Be7 13. f3 b5 14. Bb3 b4
15. Ne2 e5 16. Bd2 Rb8 17. Ng3 Ba4 18. Kb1 Bxb3 19. cxb3 g6 20. a4 h5 21. Nf1
d5 22. exd5 Qxd5 23. Ka2 Qe6 24. Bg5 O-O 25. Bxf6 Bxf6 26. Nd2 Rfd8 27. Nc4 Rd4
28. Rxd4 exd4 29. Qxe6 fxe6 30. Re1 Kf7 31. Kb1 d3 32. Kc1 Rd8 33. Kd1 Rd5 34.
Re4 Bd4 35. Kd2 Bg1 36. Ne5+ Kf6 37. Nxd3 Bxh2 38. Ke2 a5 39. Rc4 Bg1 40. Rc6
Kf5 41. Rc8 Bd4 42. Rf8+ Kg5 43. Rc8 Bb6 44. Rc6 Bd8 45. Rxe6 Rd7 46. Re4 Rc7
47. Kd2 Rd7 48. g3 Bc7 49. Rc4 Bxg3 50. Rc5+ 0-1

[Event "24th Grunwald Cup"]
[Site "Hotel Start-Dadaj Ramsowo"]
[Date "2009.09.22"]
[Round "4.2"]
[White "Pawelec, Bartosz"]
[Black "Suder, Ryszard"]
[Result "1-0"]
[WhiteElo "2040"]
[BlackElo "2163"]
[PlyCount "77"]
[EventDate "2009.09.19"]
[EventType "swiss"]
[EventRounds "9"]
[EventCountry "POL"]

1. e4 d6 2. d4 Nf6 3. Nc3 g6 4. Bg5 Bg7 5. e5 Nfd7 6. f4 O-O 7. Nf3 dxe5 8.
dxe5 f6 9. Bc4+ Kh8 10. exf6 exf6 11. Bh4 Re8+ 12. Ne2 Qe7 13. O-O Nb6 14. Bd3
Nc6 15. Re1 Bg4 16. Nc3 Qc5+ 17. Bf2 Qb4 18. Nb5 Qxf4 19. Bg3 Rxe1+ 20. Qxe1
Qb4 21. Nxc7 Rd8 22. Ne8 Bxf3 23. gxf3 Qxb2 24. Nd6 Rf8 25. Nxb7 f5 26. Rb1
Qxa2 27. Bd6 Rg8 28. Bc7 Qf7 29. Bxb6 axb6 30. Nd6 Qd7 31. Nc4 Re8 32. Qg3 Bd4+
33. Kf1 Qe6 34. Qd6 Ne5 35. Qxd4 Kg8 36. Qxe5 Qxe5 37. Nxe5 Rxe5 38. Rxb6 h5
39. Rxg6+ 1-0

[Event "24th Grunwald Cup"]
[Site "Hotel Start-Dadaj Ramsowo"]
[Date "2009.09.22"]
[Round "4.3"]
[White "Gunajew, Rafal"]
[Black "Bakalarczyk, Wlodzimierz"]
[Result "1-0"]
[WhiteElo "2261"]
[BlackElo "2038"]
[PlyCount "61"]
[EventDate "2009.09.19"]
[EventType "swiss"]
[EventRounds "9"]
[EventCountry "POL"]

1. e4 c5 2. Nf3 e6 3. d4 cxd4 4. Nxd4 a6 5. Bd3 Nf6 6. O-O Qc7 7. Kh1 Nc6 8.
Nxc6 dxc6 9. f4 Bd7 10. e5 Nd5 11. c4 Nb4 12. Be4 c5 13. Nc3 Bc6 14. Bb1 a5 15.
a3 Na6 16. Be3 Be7 17. Bc2 Rd8 18. Qg4 g6 19. Rae1 h5 20. Qh3 h4 21. Ne4 Rh5
22. Nf2 b5 23. Bxg6 fxg6 24. Qxe6 Kf8 25. Qxg6 Rh8 26. f5 Bxg2+ 27. Qxg2 Rg8
28. Bh6+ Kf7 29. e6+ Kf6 30. Ne4+ Ke5 31. Ng3+ 1-0

[Event "24th Grunwald Cup"]
[Site "Hotel Start-Dadaj Ramsowo"]
[Date "2009.09.22"]
[Round "4.4"]
[White "Stolarczyk, Anna"]
[Black "Zoltek, Tadeusz"]
[Result "1/2-1/2"]
[WhiteElo "2006"]
[BlackElo "2214"]
[PlyCount "99"]
[EventDate "2009.09.19"]
[EventType "swiss"]
[EventRounds "9"]
[EventCountry "POL"]

1. d4 Nf6 2. Nf3 c5 3. c3 e6 4. g3 b6 5. Bg2 Bb7 6. O-O Be7 7. b3 O-O 8. Bb2
cxd4 9. c4 d6 10. Nxd4 Bxg2 11. Kxg2 d5 12. Nd2 Qd7 13. Rc1 Na6 14. Qc2 Rac8
15. Qb1 Rfd8 16. Rfd1 Qb7 17. Kg1 h5 18. N4f3 dxc4 19. Nxc4 Qe4 20. Qxe4 Nxe4
21. Rxd8+ Rxd8 22. Nce5 Bc5 23. Nd3 Bf8 24. Nfe5 Nac5 25. f3 Nxd3 26. Nxd3 Nc5
27. Rd1 Nxd3 28. Rxd3 Rxd3 29. exd3 Bc5+ 30. Kg2 b5 31. h3 f5 32. f4 Kf7 33.
Kf3 g6 34. g4 hxg4+ 35. hxg4 Ke7 36. gxf5 gxf5 37. Be5 Kd7 38. Bc3 Kc6 39. Ke2
Kd5 40. Kf3 Bd4 41. Bd2 a6 42. Ke2 Bg1 43. Bc3 Bb6 44. Kf3 Bd4 45. Bd2 Bb2 46.
Be3 Bc3 47. Bb6 Bd4 48. Ba5 e5 49. fxe5 Bxe5 50. Bb6 1/2-1/2

[Event "24th Grunwald Cup"]
[Site "Hotel Start-Dadaj Ramsowo"]
[Date "2009.09.22"]
[Round "4.5"]
[White "Chojnowski, Marcin"]
[Black "Siluk, Zygmunt"]
[Result "1-0"]
[WhiteElo "2114"]
[BlackElo "1973"]
[PlyCount "91"]
[EventDate "2009.09.19"]
[EventType "swiss"]
[EventRounds "9"]
[EventCountry "POL"]

1. e4 c5 2. Nf3 d6 3. d4 cxd4 4. Nxd4 Nf6 5. Nc3 a6 6. Be3 Qc7 7. Qd2 e6 8.
O-O-O Nbd7 9. f4 b5 10. a3 Bb7 11. Bd3 O-O-O 12. Rhe1 Nc5 13. Bf2 Be7 14. Kb1
Nfd7 15. Bxb5 axb5 16. Ndxb5 Qb8 17. b4 Bc6 18. Nd4 Ba8 19. Ka1 Na6 20. b5 Nac5
21. Nc6 Bxc6 22. bxc6 Nf6 23. Rb1 Qa8 24. Nb5 Nfxe4 25. Qe3 Bf6+ 26. Ka2 Nc3+
27. Nxc3 Qxc6 28. g4 Kd7 29. g5 Be7 30. Red1 Ke8 31. Rb4 Rc8 32. Rdb1 d5 33.
Rb6 Qa8 34. Nb5 Nd7 35. Qb3 Nxb6 36. Bxb6 Kd7 37. Na7 Rc6 38. Nxc6 Qxc6 39. Bd4
Rc8 40. c3 f6 41. h4 fxg5 42. fxg5 g6 43. a4 Bd6 44. a5 e5 45. Bb6 Qxc3 46.
Qxd5 {niedoczas} 1-0

[Event "24th Grunwald Cup"]
[Site "Hotel Start-Dadaj Ramsowo"]
[Date "2009.09.22"]
[Round "4.6"]
[White "Kardasz, Wladyslaw"]
[Black "Falkowski, Dawid"]
[Result "0-1"]
[WhiteElo "1917"]
[BlackElo "2086"]
[PlyCount "42"]
[EventDate "2009.09.19"]
[EventType "swiss"]
[EventRounds "9"]
[EventCountry "POL"]

1. e4 d5 2. exd5 Qxd5 3. Nc3 Qd6 4. d4 Nf6 5. Nf3 a6 6. Bc4 b5 7. Bb3 Bb7 8.
Be3 e6 9. Qd2 Be7 10. O-O-O O-O 11. d5 b4 12. Na4 Nxd5 13. Bc5 Qd8 14. Bxd5
Bxd5 15. Qxb4 Bxc5 16. Qxc5 Qf6 17. Qxc7 Nc6 18. Nc3 Rab8 19. Nxd5 Qxb2+ 20.
Kd2 exd5 21. Qxc6 Rfc8 0-1

[Event "24th Grunwald Cup"]
[Site "Hotel Start-Dadaj Ramsowo"]
[Date "2009.09.22"]
[Round "4.7"]
[White "Hornik, Bronislaw"]
[Black "Wojcieszyn, Zdzislaw"]
[Result "0-1"]
[WhiteElo "1900"]
[BlackElo "2039"]
[PlyCount "70"]
[EventDate "2009.09.19"]
[EventType "swiss"]
[EventRounds "9"]
[EventCountry "POL"]

1. d4 d5 2. c4 c6 3. e3 Nf6 4. Bd3 e6 5. Nf3 Nbd7 6. O-O dxc4 7. Bxc4 b5 8. Bd3
Bb7 9. a4 a6 10. Bd2 Bd6 11. axb5 cxb5 12. Ba5 Qe7 13. Nbd2 e5 14. Bf5 O-O 15.
Rc1 Rac8 16. dxe5 Rxc1 17. Qxc1 Nxe5 18. Nd4 g6 19. Bh3 Neg4 20. N2f3 Rc8 21.
Qd2 Ne4 22. Qe2 f5 23. g3 Bd5 24. Nd2 Nxd2 25. Qxd2 Qe4 26. f3 Qxe3+ 27. Qxe3
Nxe3 28. Bb6 Nxf1 29. Kxf1 Bc5 30. Bxc5 Rxc5 31. Ke2 Rc1 32. g4 Rh1 33. Kf2
fxg4 34. Bxg4 Rxh2+ 35. Ke3 Rxb2 0-1

[Event "24th Grunwald Cup"]
[Site "Hotel Start-Dadaj Ramsowo"]
[Date "2009.09.22"]
[Round "4.8"]
[White "Poswiatowski, Stanislaw"]
[Black "Misiejuk, Zdzislaw"]
[Result "0-1"]
[WhiteElo "1674"]
[BlackElo "1982"]
[PlyCount "62"]
[EventDate "2009.09.19"]
[EventType "swiss"]
[EventRounds "9"]
[EventCountry "POL"]

1. d4 Nf6 2. Nf3 d6 3. Bg5 Ne4 4. Bh4 c5 5. e3 cxd4 6. exd4 g5 7. Bxg5 Nxg5 8.
Nxg5 Qa5+ 9. Qd2 Qb6 10. c3 Bh6 11. f4 f6 12. Nf3 Bxf4 13. Qc2 d5 14. Bd3 Bd7
15. Qe2 Nc6 16. a4 Qc7 17. g3 Bd6 18. Nh4 O-O-O 19. Kd2 e5 20. Nf5 exd4 21.
Nxd4 Nxd4 22. cxd4 Qb6 23. Rc1+ Kb8 24. Rc2 Qxd4 25. Nc3 Rhe8 26. Qf1 Qe3+ 27.
Kd1 d4 28. Nd5 Bg4+ 29. Be2 Qd3+ 30. Rd2 Bxe2+ 31. Qxe2 Qb3+ 0-1

[Event "24th Grunwald Cup"]
[Site "Hotel Start-Dadaj Ramsowo"]
[Date "2009.09.22"]
[Round "4.9"]
[White "Sargalski, Andrzej"]
[Black "Stankiewicz, Edward"]
[Result "1-0"]
[WhiteElo "1954"]
[BlackElo "1921"]
[PlyCount "95"]
[EventDate "2009.09.19"]
[EventType "swiss"]
[EventRounds "9"]
[EventCountry "POL"]

1. e4 c5 2. Nf3 d6 3. Be2 Nc6 4. d4 cxd4 5. Nxd4 g6 6. c4 Bg7 7. Be3 Nf6 8. Nc3
Qa5 9. f3 O-O 10. Qd2 Nxd4 11. Bxd4 Be6 12. O-O Rfc8 13. b3 Nd7 14. Rad1 Bxd4+
15. Qxd4 Qc5 16. Nd5 Bxd5 17. exd5 Rf8 18. Kh1 Qxd4 19. Rxd4 f5 20. Re1 Kf7 21.
Bd3 Ke8 22. Rh4 Rf7 23. Kg1 Ne5 24. Bb1 Kd7 25. h3 Kc7 26. Rd4 f4 27. b4 a5 28.
c5 axb4 29. cxd6+ exd6 30. Rxb4 Ra5 31. a4 Nd7 32. Rbe4 Ne5 33. Rc1+ Kb8 34. h4
h6 35. Rb4 g5 36. hxg5 hxg5 37. Be4 Rc7 38. Rcb1 Nd7 39. Bg6 Rac5 40. Be4 Rc1+
41. Rxc1 Rxc1+ 42. Kh2 Kc7 43. Kh3 Ne5 44. Kh2 Rc5 45. g3 Rc1 46. Kg2 Rc3 47.
gxf4 gxf4 48. Rb2 {time} 1-0

[Event "24th Grunwald Cup"]
[Site "Hotel Start-Dadaj Ramsowo"]
[Date "2009.09.22"]
[Round "4.10"]
[White "Traczyk, Tadeusz"]
[Black "Renkowski, Piotr"]
[Result "0-1"]
[WhiteElo "1918"]
[BlackElo "1691"]
[PlyCount "30"]
[EventDate "2009.09.19"]
[EventType "swiss"]
[EventRounds "9"]
[EventCountry "POL"]

1. e4 e6 2. d4 d5 3. e5 c5 4. c3 Nc6 5. Nf3 Qb6 6. Bd3 Bd7 7. Bc2 Rc8 8. dxc5
Bxc5 9. O-O a5 10. Nbd2 f6 11. exf6 Nxf6 12. Nb3 Bd6 13. Be3 Qc7 14. Nbd4 Nxd4
15. cxd4 Qxc2 0-1

[Event "24th Grunwald Cup"]
[Site "Hotel Start-Dadaj Ramsowo"]
[Date "2009.09.22"]
[Round "4.11"]
[White "Boese, Artur"]
[Black "Zarow, Zdzislaw"]
[Result "0-1"]
[WhiteElo "1935"]
[BlackElo "2016"]
[PlyCount "74"]
[EventDate "2009.09.19"]
[EventType "swiss"]
[EventRounds "9"]
[EventCountry "POL"]

1. Nf3 d5 2. g3 c5 3. Bg2 Nc6 4. O-O e5 5. d3 Be7 6. c4 d4 7. Na3 f5 8. Bd2 Nf6
9. Nc2 O-O 10. a3 Ng4 11. h3 Nf6 12. b4 e4 13. Nfe1 b6 14. b5 Ne5 15. a4 Rb8
16. a5 Qc7 17. axb6 axb6 18. Ra4 Bb7 19. Bf4 Bd6 20. e3 exd3 21. Nxd3 Bxg2 22.
Kxg2 Ne4 23. Bxe5 Bxe5 24. Qa1 Bxg3 25. Ra7 Qd6 26. exd4 Qg6 27. Kf3 Nd2+ 28.
Ke2 Nxf1 29. Kxf1 Bh2 30. d5 Rbe8 31. Ne3 Qg1+ 32. Ke2 Qxa1 33. Rxa1 f4 34. Rh1
fxe3 35. Rxh2 exf2+ 36. Kf1 Re4 37. Nb2 Re1+ 0-1

[Event "24th Grunwald Cup"]
[Site "Hotel Start-Dadaj Ramsowo"]
[Date "2009.09.22"]
[Round "4.12"]
[White "Hagner, Pawel"]
[Black "Staruch, Roman"]
[Result "1-0"]
[WhiteElo "1865"]
[BlackElo "1987"]
[PlyCount "57"]
[EventDate "2009.09.19"]
[EventType "swiss"]
[EventRounds "9"]
[EventCountry "POL"]

1. d4 Nf6 2. Nf3 e6 3. Bg5 c5 4. e3 Qb6 5. Qc1 Be7 6. c3 O-O 7. Nbd2 Nc6 8. Bd3
d5 9. Ne5 cxd4 10. exd4 Bd7 11. Bxf6 Nxe5 12. Bxe5 f6 13. Bg3 e5 14. dxe5 fxe5
15. Nb3 e4 16. Be2 Qg6 17. Qd2 Bg5 18. Qxd5+ Be6 19. Qd1 e3 20. fxe3 Bxe3 21.
Nd4 Bd5 22. Nf3 Rad8 23. Qa4 Bxf3 24. gxf3 Bd2+ 25. Kf1 h5 26. Rd1 Qf5 27. h4
Rfe8 28. Rxd2 Rxd2 29. Qxe8+ 1-0

[Event "24th Grunwald Cup"]
[Site "Hotel Start-Dadaj Ramsowo"]
[Date "2009.09.22"]
[Round "4.13"]
[White "Czajkowski, Adam"]
[Black "Rutkowski, Eugeniusz"]
[Result "0-1"]
[WhiteElo "1711"]
[BlackElo "1890"]
[PlyCount "82"]
[EventDate "2009.09.19"]
[EventType "swiss"]
[EventRounds "9"]
[EventCountry "POL"]

1. e4 a6 2. d4 b5 3. c4 b4 4. Bd3 e6 5. Ne2 Bb7 6. O-O Be7 7. b3 Nf6 8. Qc2 h6
9. f4 d6 10. e5 Nfd7 11. f5 dxe5 12. fxe6 Nf6 13. dxe5 Bc5+ 14. Kh1 Ng4 15.
exf7+ Kf8 16. Nf4 Kxf7 17. Ng6+ Kg8 18. Bf5 Bc8 19. Bxg4 Bxg4 20. Nxh8 Kxh8 21.
Qe4 Bd7 22. Rd1 Qe8 23. Bf4 Bc6 24. Qe2 Nd7 25. a3 Nf6 26. Ra2 Ne4 27. axb4
Nf2+ 28. Kg1 Nh3+ 29. Kh1 Nxf4 30. Qg4 Be3 31. Re1 Qxe5 32. Qg3 Re8 33. Rc2 Qe4
34. Na3 Nd3 35. Ree2 Nxb4 36. Rc3 Qd4 37. Qe1 Nd3 38. Rxd3 Qxd3 39. Nc2 Qg6 40.
Qd1 Qg4 41. h3 Qxh3# 0-1